000 00254 a2200109 4500
001 63396
082 _a808.51 REA
090 _c37449
_d37449
100 _aReaders digest asso
245 _aWrite Better Speak better
_hEnglish
260 _bReader Digest
942 _aCAE NUST
_k808.51 REA
999 _c298469
_d298469